[Event "Ordzhonikidze zt 1.9"]
[Site "Ordzhonikidze"]
[Date "2000.06.12"]
[Round "4"]
[White "Moroz, Alexander"]
[Black "Lerner, Konstantin Z"]
[Result "0-1"]
[WhiteElo "2513"]
[BlackElo "2575"]
[Annotator "Gofshtein,L"]
[PlyCount "94"]
[EventDate "2000.06.09"]
[EventType "swiss"]
[EventRounds "9"]
[EventCountry "UKR"]
[SourceTitle "CBM 078"]
[Source "ChessBase"]
[SourceDate "2000.10.18"]
[SourceVersion "1"]
[SourceVersionDate "2000.10.18"]
[SourceQuality "1"]

1. e4 {[%mdl 8712] Baburin} c5 2. Nf3 d6 3. d4 cxd4 4. Nxd4 Nf6 5. Nc3 Nc6 6.
Be2 e5 7. Nf3 h6 8. O-O Be7 9. Re1 O-O 10. h3 Be6 11. Bf1 Nb8 {'!?' Baburin.
Baburin: 'This is a typical manoeuvre - Black wants to vacate the c-file.'} 12.
a4 {another possibility, 12.b3, leads to the same position.} (12. b3 Nbd7 13.
Bb2 a6 14. a4 Rc8 15. Nd2 Qa5 16. Nc4 Bxc4 17. Bxc4 Nb6 18. Bf1 Rxc3 19. Qd2
Rfc8 20. Re3 Nxe4 21. Rxe4 Qd5 22. Qxd5 Nxd5 23. Bxc3 Nxc3 $44 {Drozdov,
I-Kozul,Z Groningen op (04) 1994 1/2 43}) 12... a6 13. a5 Nbd7 14. b3 {
Immediate jump of white knight to d5 leads to the position with counterplay
for black:} (14. Nd5 Nxd5 15. exd5 Bf5 16. c4 (16. Nd2 Bg6 17. b4 f5 18. c4 Re8
19. Nb3 Bf8 20. Bb2 f4 21. c5 dxc5 22. bxc5 Nxc5 23. Rxe5 $10 {Glek,I-Van der
Wiel,J Tilburg (01) 1994 1/2}) 16... Bf6 (16... Re8 17. b4 e4 18. Nd4 Bg6 19.
Bf4 Rc8 20. Qd2 Bg5 21. Bxg5 hxg5 $14 {Kindermann,S-Kozul,Z Muenchen op9293 
(05) 1992 1/2 53}) 17. Be3 e4 18. Nd4 Bg6 19. b4 Re8 20. Qb3 Ne5 21. c5 Nd3 22.
c6 bxc6 23. Bxd3 exd3 24. Nxc6 $13 {Zagrebelny,S-Obodchuk,A Moskow1 (08) 1995
1-0}) 14... Qc7 $5 {another possibilities are:} (14... Rc8 15. Bb2 {and black
does not have active plan for counterplay. This is reason why 14...Qc7 is
preferable than 14...Rac8.} (15. Nd5 Nxd5 16. exd5 Bf5 17. c4 Bh7 18. Bb2 Re8
19. b4 e4 $132 {0-1 Fernandez Garcia,J-Lanka,Z/Manila 1992/TD (33)}) 15... Re8
16. Nd2 (16. Nd5 Nxd5 17. exd5 Bf5 18. c4 e4 $132 {0-1 Ermenkov,E-Greenfeld,A/
Elenite 1994/CBM 44 (37)}) (16. g3 Rc5 17. b4 Rc8 18. Nd5 Nxd5 19. exd5 Bf5 20.
c4 {1-0 Glek,I-De Wit,J/NLD-chT9495 1994/EXT 98 (50)}) 16... Rc5 17. b4 Rc8 18.
Bd3 {1-0 Tischbierek,R-Lagunow,A/Bad Woerishofen 1996/EXT 97 (36)}) (14... Kh8
15. Bb2 Rc8 (15... b5 16. axb6 Qxb6 17. Nd5 Bxd5 (17... Nxd5 18. exd5 Bf5 19.
Nd4 $16) 18. exd5 Qb7 19. c4 $14 {1-0 Xie Jun-Ashley,M/San Francisco 1995/CBM
46/[Boensch,U] (66) ^^}) 16. Nd5 Nxd5 17. exd5 Bf5 18. c4 $14) 15. Bb2 Qc6 {
[%csl Rd5][%cal Yf6d5,Yc6d5,Ye6d5,Rd1d5,Rc3d5] Black takes control over d5
square. Another possibility is:} (15... Rfe8 16. Nd2 Rad8 17. Nc4 Qc6 18. Qf3
d5 19. exd5 Nxd5 20. Nxd5 Bxd5 21. Qg3 f6 22. Rad1 $14 {1-0 Fernandez Garcia,
J-Villavicencio,A/Linares 1998/EXT 99 (40)}) 16. g3 $146 {Novelty,another
possibilities are:} (16. Na2 Rac8 17. c4 Nxe4 18. Nb4 {1/2-1/2 Orlov,V-Lugovoi,
A/St Petersburg 1997/CBM 58 (18)}) (16. Nd2 $5 d5 17. exd5 Nxd5 18. Nxd5 Bxd5
19. Nc4 $14 f6 20. Qg4 {1/2-1/2 Fluvia Poyatos,J-Uribe,M/Oropesa del Mar 1999/
CBM 72 ext (27)}) 16... Rfe8 17. Bg2 Rac8 18. Nh2 {[%csl Yd5][%cal Re4d5,Rg2d5,
Yd1d5,Rc3d5] Baburin: 'White wants to get more control over the d5-square
after Nh2-g4 or Nh2-f1-e3.'} Qc5 {[%cal Ge7d8] with idea 18...Bd8 '!' Baburin.}
19. Re2 (19. Ng4 {Baburin} Nxg4 20. hxg4 Bd8 $1) 19... Bd8 {[%csl Ra5][%cal
Rd8a5,Rc5a5]} 20. Na4 (20. Nd5 $6 Bxd5 21. Ba3 Qxa5 22. exd5 Qb6) 20... Qxa5
21. Qxd6 Be7 22. Qd1 Qc7 {[%cal Rc7c2]} 23. Nc3 Bc5 24. Nd5 Bxd5 25. exd5 e4
$132 {black has a good counterplay. '!' Baburin.} 26. Nf1 h5 {'!?' Baburin.} (
26... Ne5 27. Nd2 Nxd5 (27... e3 $6 28. fxe3 Ng6 (28... Nh5 29. Ne4 Nxg3 30.
Nxg3 Nf3+ 31. Kf2 $18 Rxe3 32. Rxe3 Qf4 33. Qxf3 Bxe3+ 34. Kf1 $18) 29. Qe1 Nh5
30. Nf1 $16) 28. Nxe4 Rcd8 29. Qf1 $14) 27. c4 (27. Qd2 $5) (27. h4 {[%csl Rg4]
Baburin}) 27... h4 {'!' Baburin.} 28. g4 (28. gxh4 Qf4 29. Bd4 (29. Qd2 Qxh4
30. Bd4 Nh5 {[%csl Rf4][%cal Rh5f4,Yh4f4]} (30... Bxd4 31. Qxd4 Nc5 32. Re3 $16
) 31. Rae1 f5 $13) 29... Qxh4 30. Ng3 e3 (30... Bxd4 31. Qxd4 $16) 31. Bxc5
Nxc5 32. Nf5 exf2+ 33. Rxf2 Qg5 $132 34. d6 Nce4) 28... Ne5 29. Bd4 (29. g5 Nh7
30. Rxe4 Nxg5 31. Rxe5 Rxe5 32. Qg4 Rce8 $132) 29... Nd3 (29... Bxd4 30. Qxd4
Nd3 31. Rd2 $16) 30. Bxc5 Qxc5 (30... Nxc5 31. Ne3 $16) 31. Ne3 g6 32. Qc2 Nh7
$132 {'!' Baburin.} 33. Rd2 Ng5 {It blocks white pawnson the kingside. Active
play of black pieces on the kingside forces white to sacrifice exchange, which
gives some counterplay. Baburin: 'Black's imaginative play is bearing fruits -
he has total control over the dark squares and is ready to launch an attack.'}
34. Rxd3 $5 (34. Qc3 Qd6) 34... exd3 35. Qxd3 Rcd8 36. Rd1 b6 37. Nc2 a5 {
black goes on with blocade of white pawns, and improves position of his pieces
step by step.} 38. Nd4 Rd6 {'!?' Baburin.} 39. Kf1 Rf6 {[%cal Yf6f2]} 40. Rd2
Rf4 {Baburin: 'GM Lerner found a nice route to employ one of his rooks!'} 41.
Nc6 Ne4 42. Bxe4 Rfxe4 43. Nd4 Qd6 44. Kg2 Re3 $1 45. Qb1 (45. fxe3 Qg3+ 46.
Kf1 Rxe3 $19 (46... Rxe3 {Baburin} 47. Qb1 Qf4+ 48. Rf2 Qxd4 $19)) 45... Re1
46. Rd1 (46. Qc2 $15) 46... Qe5 47. Nf3 $4 {tactical blunder, whixh
immediately leads to the loss. After normal 47.Re1 position would be equal.
'?' Baburin.} (47. Rxe1 Qxe1 48. Qd3 (48. Qxe1 {Baburin} Rxe1 $19)) 47... Qg3+
$1 $18 0-1

[Event "RUS-Cup01 Chigorin Memorial"]
[Site "St Petersburg"]
[Date "1997.11.06"]
[Round "6"]
[White "Zagrebelny, Sergey"]
[Black "Aseev, Konstantin N"]
[Result "1-0"]
[WhiteElo "2475"]
[BlackElo "2545"]
[Annotator "Gofshtein,L"]
[PlyCount "79"]
[EventDate "1997.11.01"]
[EventType "swiss"]
[EventRounds "9"]
[EventCountry "RUS"]
[SourceTitle "CBM 062"]
[Source "ChessBase"]
[SourceDate "1998.01.31"]
[SourceVersion "1"]
[SourceVersionDate "1998.01.31"]
[SourceQuality "1"]

1. e4 c5 2. Nf3 d6 3. d4 cxd4 4. Nxd4 Nf6 5. Nc3 Nc6 6. Be2 e5 7. Nf3 h6 8. O-O
Be7 9. Re1 O-O 10. h3 Be6 11. Bf1 Nb8 12. b3 a6 13. a4 Nbd7 14. Bb2 (14. Re3
$143 Qc7 15. a5 Rac8 16. Ra2 Qc6 17. Ba3 Rfe8 $15 {Abramovich-Popovich,1984})
14... Qc7 15. a5 $5 (15. Nd2 Qc6 16. Qf3 Rac8 17. Nc4 Nc5 18. a5 $14 {
Apichella-Franko,1996 Andora}) 15... Rac8 (15... Rad8 $6 16. Qd2 Rfe8 17. g3
Bf8 18. Bg2 Qc8 19. Nh2 Nc5 20. h4 Bd7 21. Nf1 Bc6 22. b4 Ncd7 23. Ne3 b5 24.
Ncd5 Qb8 25. Rac1 Rc8 26. c4 $16 {Lastin-Aseev,Russia 1996}) 16. Nd2 d5 17.
exd5 Nxd5 18. Nxd5 Bxd5 19. Nc4 Be6 20. Qh5 f6 21. Ne3 Bc5 22. Ng4 Rf7 $146 (
22... Bf7 23. Qf5 Rfe8 24. b4 Ba7 25. c4 h5 26. Ne3 g6 27. Qc2 e4 28. c5 Bb8
29. Bc4 Qh2+ 30. Kf1 Be5 31. Bxf7+ Kxf7 32. Rad1 Re7 33. Bxe5 Nxe5 34. Qxe4 Nc6
35. Qd5+ Kg7 36. Qd6 Re5 37. Qd7+ {Lastin,A-Aseev,K/RUS-ch m1-2 1997/CBM 59/ -
(56)}) 23. Ra4 Nf8 24. Bc1 {white should not have real attacking chances here,
since black's position looks very solid} Bd4 25. Rxd4 exd4 26. Rxe6 Nxe6 27.
Bc4 Re8 (27... Qd7 28. Qg6 (28. Nxh6+ gxh6 29. Qg4+ $40) 28... Rxc4 29. Nxh6+
Kf8 30. Nxf7 Rc5) 28. Bxh6 f5 (28... Qc5 29. Nxf6+ $1 $18) 29. Bxg7 $8 Kxg7 30.
Qh6+ Kg8 31. Qg6+ Kf8 32. Nh6 Ng7 (32... Rg7 33. Qxf5+ Rf7 34. Qg6 $11) 33. Kf1
(33. Nxf7 Re1+ 34. Bf1 Qxf7 $19) 33... Ree7 34. Nxf7 (34. Qh7 Ke8 35. Nxf7 Rxf7
) 34... Rxf7 35. Bxf7 Qxf7 36. Qd6+ Qe7 37. Qxd4 $15 Kf7 38. g4 Kg6 39. Qd5
fxg4 40. hxg4 $138 1-0

[Event "RUS-Cup9"]
[Site "Novgorod"]
[Date "1997.??.??"]
[Round "2"]
[White "Zagrebelny, Sergey"]
[Black "Shcherbakov, Ruslan"]
[Result "1/2-1/2"]
[WhiteElo "2480"]
[BlackElo "2580"]
[Annotator "Gofshtein,L"]
[PlyCount "107"]
[EventDate "1997.06.11"]
[EventType "swiss"]
[EventRounds "9"]
[EventCountry "RUS"]
[SourceTitle "CBM 060"]
[Source "ChessBase"]
[SourceDate "1997.09.29"]
[SourceVersion "1"]
[SourceVersionDate "1997.09.29"]
[SourceQuality "1"]

1. e4 c5 2. Nf3 Nc6 3. d4 cxd4 4. Nxd4 Nf6 5. Nc3 d6 6. Be2 e5 7. Nf3 h6 8. O-O
Be7 9. Re1 O-O 10. h3 a6 11. Bf1 Qc7 12. Nh2 Bd8 (12... b5 13. Ng4 Bxg4 14.
hxg4 b4 15. Nd5 Nxd5 16. exd5 Nd4 17. Bd3 Qc5 18. Be3 Bf6 19. Rc1 Qa5 20. c3
bxc3 21. bxc3 Nb5 22. Qf3 Qd8 23. Qe4) (12... Be6 13. Nd5 Bxd5 14. exd5 Na5 15.
b3 Rac8 16. c4 Nh7 17. Bd2 b6 18. Rc1 Nb7 19. b4 a5 20. a3 axb4 21. axb4 Ra8
22. Qb3 Bg5 23. Nf3) 13. Be3 (13. Ng4 Nxg4 14. hxg4 (14. Nd5 Nxf2 15. Nxc7 Nxd1
16. Nxa8 Nxb2 17. Bxb2 Ba5 18. Red1 Be6 19. Rxd6 Rxa8) 14... Be6) 13... Be6 14.
a3 (14. Nd5 Qc8 15. Nb6 Bxb6 16. Bxb6 d5) 14... Qd7 15. Qd3 (15. Qf3 b5 16.
Rad1 Rb8) 15... Ne7 $1 16. Rad1 Ba5 {This is a wonderful new plan. Black
doesn't have any problems in this position.} 17. f4 $1 (17. b4 Bc7 {with the
idea Rd8,Qc8,d5.}) (17. Qxd6 Qxd6 18. Rxd6 Bxc3 19. bxc3 Nxe4) 17... Bxc3 18.
Qxc3 Nxe4 19. Qb4 d5 20. fxe5 Nc6 21. Qb6 Nxe5 22. c4 $44 {With counterplay.} (
22. Bxh6 gxh6 23. Rxe4 dxe4 24. Rxd7 Nxd7 $15 25. Qe3 f5 26. Qxh6 Rf6 27. Qg5+
Kf7 $13) 22... Rad8 (22... Qc6 $142 $5 $15) 23. cxd5 Bxd5 24. Bxh6 Qf5 (24...
gxh6 25. Rxe4) 25. Bc1 Rfe8 26. Qe3 Bc6 27. Qf4 Qxf4 28. Bxf4 Ng6 29. Bc7 $6 (
29. Be3 $142 $11) 29... Rc8 30. Bb6 Ng3 31. Bc4 Nf4 32. Rxe8+ Rxe8 33. Bc7 Re4
$1 $15 34. b3 b5 35. Bxf4 Rxf4 36. Rd8+ Kh7 37. Bd3+ f5 38. Rd6 Be4 39. Nf1 (
39. Bxe4 $143 fxe4 40. Rxa6 Ne2+ 41. Kh1 Nd4 42. Rd6 e3 $19) 39... Bxd3 40.
Nxg3 Bc2 41. b4 a5 42. Ne2 Rc4 43. bxa5 Ra4 44. Nd4 Be4 45. a6 Rxa3 46. g4 fxg4
47. hxg4 Rg3+ 48. Kf2 Rxg4 49. Nxb5 Rg5 50. Rb6 Bh1 51. a7 Rg2+ 52. Ke3 Ra2 53.
Kf4 Bg2 54. Rb8 1/2-1/2

[Event "EU-ch 2nd"]
[Site "Ohrid"]
[Date "2001.06.01"]
[Round "1"]
[White "Volokitin, Andrei"]
[Black "Kozul, Zdenko"]
[Result "1-0"]
[WhiteElo "2493"]
[BlackElo "2595"]
[Annotator "Gofshtein,L"]
[PlyCount "87"]
[EventDate "2001.06.01"]
[EventType "swiss"]
[EventRounds "13"]
[EventCountry "YUG"]
[SourceTitle "CBM 084"]
[Source "ChessBase"]
[SourceDate "2001.09.13"]
[SourceVersion "1"]
[SourceVersionDate "2001.09.13"]
[SourceQuality "1"]

1. e4 c5 2. Nf3 d6 3. d4 cxd4 4. Nxd4 Nf6 5. Nc3 Nc6 6. Be2 e5 7. Nf3 h6 8. O-O
Be7 9. Re1 O-O 10. h3 Be6 11. Bf1 Nb8 12. b3 a6 13. Bb2 Nbd7 14. a4 Rc8 15. a5
(15. Nd2 {-another mainline.}) 15... Rc6 $2 $146 {This novelty idea is clear:
to put Q on c7 and maybe Rf8-c8 in order to put pressure on the open c-line.
In othr hand, we can see the main disadvantage of this move: after Nc3-d5 jump
and e4xd5 - Rc6 will be attacked!} ({On} 15... Re8 $6 {Strong is} 16. Nd2 $1 {
[%cal Gd2c4,Gf1c4]} (16. g3 Rc5 (16... Qc7 $5) 17. b4 Rc8 18. Nd5 Nxd5 19. exd5
Bf5 20. c4 Bf6 21. Ra3 e4 22. Bxf6 Qxf6 23. Rae3 Kf8 24. Nd2 Qd4 25. Nb3 Qf6
26. Qd4 $14 {[%csl Gd4,Re4] 1-0 Glek,I-De Wit,J/NLD-chT9495 1994/EXT 98 (50)})
(16. Nd5 Nxd5 17. exd5 Bf5 18. c4 e4 (18... Bg6 19. b4 e4 20. Nd2 (20. Nd4 Ne5
21. Qb3 Qc7 22. f4 exf3 23. Nxf3 Nd7 $132 {1/2-1/2 Ganguly,S-Zhang Zhong/
Shenyang 1999/EXT 2000 (46)}) 20... Bf6 21. Qb3 Bxb2 22. Qxb2 Ne5 23. Qd4 Nd3
24. Bxd3 exd3 25. Re3 Qd7 $132 {1/2-1/2 Vokarev,S-Moldovan,D/Bucharest 1998/
EXT 2000 (45)}) 19. Nd2 Bg5 (19... Bf6 20. Qc1 Bg6 21. Bxf6 Qxf6 22. b4 Qh4 23.
Qc3 f5 $132 {1-0 Smirin,I-Lerner,K/Moscow 1992/CBM 33 (51)}) 20. Bd4 $132 (20.
b4 Ne5 21. c5 Bxd2 22. Qxd2 dxc5 23. b5 Nd3 $17 {0-1 Ermenkov,E-Greenfeld,A/
Elenite 1994/CBM 44 (37)})) 16... Rc5 ({In case of} 16... d5 {White keeps
slight advantage:} 17. exd5 Nxd5 18. Nxd5 Bxd5 19. Bc4 Bxc4 20. Nxc4 $14) 17.
b4 Rc8 18. Bd3 d5 19. exd5 Bxd5 20. b5 axb5 21. Nxd5 Nxd5 22. Bxb5 Bb4 23. Ne4
$5 Bxe1 $8 24. Qxd5 Nc5 (24... Bxf2+ 25. Nxf2 Rxc2 26. Qb3 $16) 25. Qc4 Na6 (
25... Nxe4 26. Qxe4 Bc3 27. Bxe8 Qxe8 28. Bxc3 Rxc3 29. Qxb7 Rxc2 30. a6 $18)
26. Qb3 Bb4 27. Bxa6 bxa6 28. Qxb4 Rxc2 29. Bc3 Qd3 30. Re1 f6 $14 (30... Re2
31. Rxe2 Qxe2 32. Kh2 $16 {1-0 Tischbierek,R-Lagunow,A/Bad Woerishofen 1996/
EXT 97 (36)})) (15... Rc5 $6 16. Na4 (16. b4 Rc8 17. Nd5 Bxd5 18. exd5 e4 19.
Nh2 Ne5 20. Rb1 b5 21. axb6 Qxb6 22. Bxe5 dxe5 23. Qd2 $14 {1-0 Womacka,M-Madl,
I/Germany 1995/GER-chT2 (40)}) 16... Rc6 17. Qd2 Qb8 18. c4 b6 19. axb6 Nxb6
20. Nc3 Nbd7 21. Ba3 Nc5 22. Bxc5 dxc5 23. Nd5 Bd8 24. Qc3 Nd7 25. Nh2 Re8 26.
Be2 a5 27. Nf1 Nf8 28. Nfe3 Ng6 29. Bg4 $14 {1-0 Sokolov,A-Simonovic,A/Ulcinj
1997/EXT 99 (70)}) ({Can be recommended} 15... Qc7 $1 16. g3 (16. Re2 Qc5 17.
Rd2 Bd8 {[%csl Ra5,Rd6]} 18. Rxd6 Bxa5 19. Rd3 Qc7 20. Re3 Rfd8 21. Qe2 Bb6 22.
Rd3 Nh5 $15 {1-0 Volokitin,A-Miroshnichenko,E/Swidnica 1999/EXT 2000 (49)}) (
16. Nd2 d5 $1 $132 {-see commented game 1-0 Zagrebelny,S-Aseev,K/St Petersburg
1997/CBM 62 [Gofshtein,L](40)}) 16... Rfd8 17. Bg2 Nb8 18. Qd2 d5 {1/2-1/2
Iuldachev,S-Grosar,A/Elista 1998/CBM 66 ext (18)}) 16. Nd5 $1 {Simple and
effective refutation!} ({Not} 16. Nd2 $2 Qc7 17. Qf3 Rc8 18. Bc4 Rc5 $132 {
[%csl Ra5]}) 16... Bxd5 17. exd5 Rc5 18. b4 $1 {Strong temporary P sacrifice!}
Rxd5 $6 ({In case of} 18... Rc8 $142 19. c4 $16 {White has clear advantage,
but nevertheless this variation should be prefered.}) 19. Nd2 $1 {[%csl Rd5]
[%cal Gc2c4] In view of dangerous Rd5 position Black had to play} e4 {[%cal
Gd5h5]} 20. c4 Rf5 21. Nxe4 Nxe4 (21... d5 22. Ng3 {[%csl Rd5,Rf5]} Rg5 23. Qb3
$16) 22. Qg4 $1 {[%csl Re4,Rf5,Rg7][%cal Gg4g7,Gb2g7] Strong intermediate
impact!} ({Badly is} 22. Rxe4 $2 d5 23. cxd5 Nf6 $44 {[%csl Rd5]}) 22... g6 $2
$18 (22... Re5 $142 23. Bxe5 dxe5 24. Qxe4 Bxb4 25. Re3 Bxa5 26. Qxb7 $16) 23.
Qxe4 {Pair of BB and weak Pd6 make position of Black hopeless.} Bh4 24. Bd4 {
Domination!} Ne5 25. Qxb7 Qf6 {[%csl Rf2]} 26. g3 (26. Ra2 Nf3+ 27. Qxf3 Qxd4
28. Qe3 $18) 26... Nf3+ $8 27. Qxf3 Rxf3 28. Bxf6 Bxf6 29. Ra2 Rb3 30. b5 Bd4
31. Kg2 Bc5 32. Be2 Re8 33. Rd1 Re5 34. b6 Kf8 35. Bf3 Bb4 36. Bd5 Bc5 37. Bb7
Bb4 38. Rd5 Re1 39. Bxa6 Rbb1 40. Rd3 (40. b7 Bc5 41. Bb5 Ba7 42. Rxd6 $18)
40... Bc5 41. Bb5 Ke7 42. a6 Ra1 43. Rxa1 Rxa1 44. b7 1-0

[Event "EU-ch 2nd"]
[Site "Ohrid"]
[Date "2001.06.03"]
[Round "3"]
[White "Volokitin, Andrei"]
[Black "Aseev, Konstantin N"]
[Result "0-1"]
[WhiteElo "2493"]
[BlackElo "2577"]
[Annotator "Gofshtein,L"]
[PlyCount "91"]
[EventDate "2001.06.01"]
[EventType "swiss"]
[EventRounds "13"]
[EventCountry "YUG"]
[SourceTitle "CBM 084"]
[Source "ChessBase"]
[SourceDate "2001.09.13"]
[SourceVersion "1"]
[SourceVersionDate "2001.09.13"]
[SourceQuality "1"]

1. e4 c5 2. Nf3 d6 3. d4 cxd4 4. Nxd4 Nf6 5. Nc3 Nc6 6. Be2 e5 7. Nf3 h6 8. O-O
Be7 9. Re1 O-O 10. h3 Be6 11. Bf1 Nb8 12. b3 a6 13. Bb2 Nbd7 14. a4 Qc7 15. a5
Rac8 16. Nd2 d5 $1 $132 {As I alredy noted in commentaries to another games -
this is a typical break leads to equality.} 17. exd5 Nxd5 {[%mdl 4] K. Aseev
always plays this variation and always solves opening problems. White had to
look for more effectives ways to get any opening advantage.} 18. Nxd5 ({
In case of} 18. Bc4 {Black plays} Nxc3 $1 {with approximetely equal position:}
(18... Nf4 $2 19. Bxe6 fxe6 (19... Nxe6 20. Nd5 Qd8 21. Nc4 f6 22. Qg4 $16) 20.
Nc4 $14 {[%csl Re5,Re6,Rf2][%cal Gc3e4,Gf8f2] 0-1 Payen,A-Loncar,R/Cannes 1994/
EXT 97 (39)}) 19. Bxc3 Bc5 20. Qe2 (20. Bxe6 Bxf2+ $1 21. Kxf2 fxe6+ 22. Nf3 e4
$1 23. Bxg7 $1 Kxg7 24. Rxe4 Qxc2+ 25. Qxc2 Rxc2+ $11) 20... Rfe8 $132) 18...
Bxd5 19. Nc4 (19. Bc4 Bc6 (19... Bxc4 20. Nxc4 Bf6 21. Ba3 Rfd8 22. Qd6 Nb8 23.
Qxc7 Rxc7 24. Rad1 Rxd1 25. Rxd1 Nc6 $132 {1-0 Drozdov,I-Shmuter,L/Kharkov
1988/EXT 97 (63)}) 20. Qg4 Rce8 21. Nf3 Bf6 {-see commented game 1/2-1/2
Yagupov,I-Aseev,K/St Petersburg 1999/CBM 74[Gofshtein,L] (28)}) 19... Be6 20.
Qh5 (20. Qf3 f6 21. Red1 Qc6 22. Be2 Rfd8 $132 (22... Nc5 $2 23. Nb6 Rc7 24.
Nd5 $16 {1-0 Zagrebelny,S-Stajcic,N/Bucharest 1993/EXT 97 (41)})) 20... f6 21.
Bd3 $5 $146 {This novelty's idea is to prepare Attack on the b1-h7 diagonal,
but Black neutralizes this attempt easyly.} (21. Ne3 Bc5 22. Ng4 Rf7 $1 (22...
Bf7 $6 23. Qf5 Rfe8 24. b4 Ba7 25. c4 h5 26. Ne3 g6 27. Qc2 e4 28. c5 Bb8 29.
Bc4 Qh2+ 30. Kf1 $16 {1/2-1/2 Lastin,A-Aseev,K/Elista 1997/CBM 59 (56)}) 23.
Ra4 Nf8 24. Bc1 (24. Bc4 Re8 25. Bxe6 Rxe6 $132 {0-1 Golod,V-Aseev,K/Beersheba
1998/EXT 99 (61)}) 24... Bd4 25. Rxd4 exd4 26. Rxe6 Nxe6 27. Bc4 Re8 $44 {
-see commented game 1-0 Zagrebelny,S-Aseev,K/St Petersburg 1997/CBM 62 
[Gofshtein,L](40)}) 21... Rfd8 {Simple natural move} 22. Bf5 (22. Qg6 {would
meet by} Nf8 {[%cal Gf8g6,Gf8h7]}) 22... Bxf5 ({Too dangerous is} 22... Bxc4 $6
23. bxc4 Qxc4 {[%csl Re6,Rf7,Rg6,Rg8,Rh7] in view of weak white squares in the
black camp.}) 23. Qxf5 Bc5 24. Re4 {White indeed overestimates his position
and plays for winning.} (24. c3 $5 $132) (24. Rad1 $132) 24... Nf8 25. b4 $2
$17 ({It was necessary to recognize previous mistake and retreat:} 25. Ree1
$132) 25... Ba7 $6 $15 ({I really don't understand, why Black didn't play} 
25... Bxb4 $1 {with clear advantage in all variations:} 26. Nb6 Qxc2 27. Nxc8
Qxb2 {[%csl Ra1,Rf2][%cal Gb4c5]} 28. Rf1 Bxa5 29. Ne7+ Kh8 $17) 26. Rg4 $6 $17
{White continues his "Attack".} (26. Rae1 $6 Qf7 $17) ({Right was} 26. Qg4 $1
Qd7 (26... Qf7 27. Nd6 Bxf2+ 28. Kh2 Rxd6 29. Qxc8 Rc6 $15) 27. Qe2 $15) 26...
Qd7 27. Qh5 (27. Qxd7 Rxd7 {[%csl Rc2,Rc4][%cal Gc8c2]} 28. Na3 Ne6 $17) 27...
Qf7 $1 {[%csl Rc4,Rh5][%cal Gf7c4] Black forces QQ exchange and leaves with
serious advantade in the endgame...} 28. Qxf7+ (28. Qxh6 Rxc4 $19) 28... Kxf7
29. Kf1 $2 $19 {After this mistake White loses.} ({More stubborn was} 29. Na3
Rd2 30. Rf1 Ne6 $17 {with possibilities of resistance.}) 29... Ne6 {[%csl Rc4]
[%cal Ga7d4,Ge6d4]} 30. Rc1 h5 31. Re4 Bd4 32. Rxd4 exd4 33. Nd2 Rc6 34. Nf3
Rc4 35. Ba3 Rc3 (35... Rdc8 $19) 36. Bb2 Rc4 37. Ba3 d3 38. cxd3 Rxc1+ 39. Bxc1
Rxd3 40. Ke2 Rb3 41. Bd2 g5 42. Kd1 g4 43. hxg4 hxg4 44. Ne1 Nd4 45. Kc1 Ke6
46. Nc2 0-1